[Event "Mogi das Cruzes Catropa Memorial"]
[Site "Mogi das Cruzes"]
[Date "2014.09.05"]
[Round "1"]
[White "Sato, Leticia Miho"]
[Black "Chih, Lee Hung"]
[Result "0-1"]
[WhiteElo "1830"]
[BlackElo "1915"]
[PlyCount "72"]
[EventDate "2014.09.05"]
[EventType "swiss"]
[EventRounds "6"]
[EventCountry "BRA"]
[SourceTitle "CBM 162 Extra"]
[Source "ChessBase"]
[SourceDate "2014.10.17"]
[SourceVersion "1"]
[SourceVersionDate "2014.10.17"]
[SourceQuality "1"]

1. d4 Nf6 2. Nf3 d5 3. Bf4 e6 4. e3 Bd6 5. Bd3 0-0 6. 0-0 Ne4 7. Nbd2 f5 8. c3 c5 9. Qe2 Nc6 10. Rac1 c4 11. Bc2 Qc7 12. Bg3 b5 13. Rfe1 Nxg3 14. fxg3 Qe7 15. Rf1 Bd7 16. b4 Be8 17. a3 Bh5 18. Qe1 a5 19. Ra1 a4 20. Rc1 Rf6 21. Qf2 Rh6 22. Rfe1 Rf8 23. h3 Kh8 24. Kh2 g5 25. Kg1 g4 26. Nh4 gxh3 27. gxh3 Rg8 28. Nhf3 Bxg3 29. Qe2 Bxe1+ 30. Kf1 Bxd2 31. Qxd2 Bxf3 32. Qh2 Rhg6 33. Bd1 Rg2 34. Qf4 Rg1+ 35. Kf2 Bxd1 36. Rb1 R8g2# 0-1

[Event "Nova Odessa op"]
[Site "Nova Odessa"]
[Date "2014.05.30"]
[Round "1"]
[White "Frois, Vitor Amorim"]
[Black "Chih, Lee Hung"]
[Result "1/2-1/2"]
[WhiteElo "1703"]
[BlackElo "1968"]
[PlyCount "74"]
[EventDate "2014.05.30"]
[EventType "swiss"]
[EventRounds "6"]
[EventCountry "BRA"]
[SourceTitle "CBM 160 Extra"]
[Source "ChessBase"]
[SourceDate "2014.07.01"]
[SourceVersion "1"]
[SourceVersionDate "2014.07.01"]
[SourceQuality "1"]

1. e4 d5 2. exd5 Qxd5 3. Nc3 Qa5 4. Bc4 Nf6 5. d3 c6 6. Bd2 Qc7 7. Nge2 e5 8. Ng3 Bg4 9. f3 Bd7 10. Qe2 Bd6 11. Nce4 Nxe4 12. Nxe4 0-0 13. Bc3 Be7 14. h4 b5 15. Bb3 a5 16. a4 b4 17. Bd2 Na6 18. Be3 Qc8 19. Bg5 Re8 20. Bc4 Be6 21. Bxa6 Rxa6 22. Bxe7 Rxe7 23. Nc5 Raa7 24. 0-0-0 Bd5 25. b3 Qc7 26. g4 Qd8 27. Ne4 Qb8 28. Qe3 f6 29. Rhg1 Rad7 30. Rd2 Qa7 31. Qxa7 Rxa7 32. g5 f5 33. Nf6+ Kh8 34. Nxd5 cxd5 35. Re1 Ra8 36. Rde2 Rae8 37. Kd2 Kg8 1/2-1/2

[Event "Rio Claro op"]
[Site "Rio Claro"]
[Date "2014.05.16"]
[Round "1"]
[White "Chih, Lee Hung"]
[Black "Correia, Vitor Paie"]
[Result "1-0"]
[WhiteElo "1968"]
[BlackElo "1468"]
[PlyCount "47"]
[EventDate "2014.05.16"]
[EventType "swiss"]
[EventRounds "6"]
[EventCountry "BRA"]
[SourceTitle "CBM 160 Extra"]
[Source "ChessBase"]
[SourceDate "2014.07.01"]
[SourceVersion "1"]
[SourceVersionDate "2014.07.01"]
[SourceQuality "1"]

1. e4 c6 2. d4 d5 3. Nc3 dxe4 4. Nxe4 Bf5 5. Ng3 Bg6 6. h4 h6 7. Nf3 Nd7 8. Bd3 Bxd3 9. Qxd3 Ngf6 10. Bd2 e6 11. 0-0-0 Bd6 12. Rhe1 Qc7 13. Nf5 Rg8 14. Nxd6+ Qxd6 15. g3 0-0-0 16. Bf4 Qb4 17. a3 Qa5 18. Qb3 Qd5 19. Qa4 a6 20. Ne5 Nf8 21. c4 Qg2 22. Rg1 Qxf2 23. Nxc6 Qe2 24. Ne7# 1-0

[Event "Iracemapolis op 4th"]
[Site "Iracemapolis"]
[Date "2013.11.08"]
[Round "2"]
[White "Chih, Lee Hung"]
[Black "Sztokbant, Bernardo Vainzoff"]
[Result "0-1"]
[WhiteElo "1995"]
[BlackElo "2236"]
[PlyCount "90"]
[EventDate "2013.11.08"]
[EventType "swiss"]
[EventRounds "6"]
[EventCountry "BRA"]
[SourceTitle "CBM 157 Extra"]
[Source "ChessBase"]
[SourceDate "2013.12.19"]
[SourceVersion "1"]
[SourceVersionDate "2013.12.19"]
[SourceQuality "1"]

1. e4 e5 2. Nf3 Nc6 3. Bb5 a6 4. Ba4 Nf6 5. 0-0 b5 6. Bb3 Be7 7. Re1 0-0 8. c3 d6 9. h3 Na5 10. Bc2 c5 11. d4 Qc7 12. Nbd2 Bd7 13. d5 c4 14. Nf1 Nb7 15. Ng3 Nc5 16. Bg5 h6 17. Be3 a5 18. Qd2 Rfe8 19. Bxc5 Qxc5 20. Nh4 Nxd5 21. exd5 Bxh4 22. Ne4 Qc7 23. Qe2 g6 24. g4 Rf8 25. Qe3 Kh7 26. g5 Bxg5 27. Nxg5+ hxg5 28. Qxg5 Qd8 29. Qg3 Kg7 30. f4 exf4 31. Qxf4 Qf6 32. Qxf6+ Kxf6 33. Re3 Rae8 34. Rf1+ Kg7 35. Ref3 Re2 36. Bxg6 Kxg6 37. Rf6+ Kg7 38. Rxd6 Bxh3 39. Rf3 Bg4 40. Rf4 f5 41. Rb6 Rxb2 42. d6 Rd8 43. Rb7+ Kf6 44. Rd4 Re8 45. Kf1 Bh3+ 0-1

[Event "Iracemapolis op 4th"]
[Site "Iracemapolis"]
[Date "2013.11.08"]
[Round "1"]
[White "Freire, Airon"]
[Black "Chih, Lee Hung"]
[Result "0-1"]
[WhiteElo "1782"]
[BlackElo "1995"]
[PlyCount "110"]
[EventDate "2013.11.08"]
[EventType "swiss"]
[EventRounds "6"]
[EventCountry "BRA"]
[SourceTitle "CBM 157 Extra"]
[Source "ChessBase"]
[SourceDate "2013.12.19"]
[SourceVersion "1"]
[SourceVersionDate "2013.12.19"]
[SourceQuality "1"]

1. Nf3 Nf6 2. c4 g6 3. b3 Bg7 4. Bb2 d6 5. g3 0-0 6. Bg2 c6 7. 0-0 e5 8. d3 Nbd7 9. Nc3 Re8 10. Qc2 Nf8 11. Rad1 Bg4 12. Rfe1 Qd7 13. Nd2 Bh3 14. Nde4 Bxg2 15. Nxf6+ Bxf6 16. Kxg2 d5 17. e3 Ne6 18. Ne2 Ng5 19. Ng1 Bg7 20. f4 exf4 21. exf4 Ne6 22. Bxg7 Nxg7 23. Qf2 d4 24. Rd2 Nf5 25. Nf3 f6 26. Kg1 c5 27. Nh4 Nxh4 28. gxh4 Qg4+ 29. Kf1 Kf7 30. Qg3 Rxe1+ 31. Kxe1 Re8+ 32. Kf1 Qh5 33. h3 Re3 34. Qg2 Qf3+ 35. Qxf3 Rxf3+ 36. Kg2 Rxf4 37. Kg3 Rf5 38. Kg4 h5+ 39. Kg3 g5 40. hxg5 fxg5 41. Re2 Kf6 42. Re1 Re5 43. Rf1+ Kg6 44. Rd1 Re3+ 45. Kg2 Re2+ 46. Kf3 Rxa2 47. Ke4 Rb2 48. Kd5 b6 49. Ke6 Rxb3 50. Rf1 Rxd3 51. Rf6+ Kg7 52. Rf7+ Kg8 53. Rxa7 Rxh3 54. Kf6 g4 55. Kg6 Kf8 0-1

[Event "Mogi das Cruzes op 09"]
[Site "Mogi das Cruzes"]
[Date "2013.09.28"]
[Round "5"]
[White "Queiroz, Stella Becker"]
[Black "Chih, Lee Hung"]
[Result "0-1"]
[WhiteElo "1601"]
[BlackElo "1997"]
[PlyCount "36"]
[EventDate "2013.09.26"]
[EventType "swiss"]
[EventRounds "7"]
[EventCountry "BRA"]
[SourceTitle "CBM 156 Extra"]
[Source "ChessBase"]
[SourceDate "2013.10.22"]
[SourceVersion "1"]
[SourceVersionDate "2013.10.22"]
[SourceQuality "1"]

1. e4 e5 2. Nf3 d6 3. d4 Nd7 4. Bc4 c6 5. Nc3 Be7 6. 0-0 Ngf6 7. Be3 0-0 8. Qd2 b5 9. Bd3 a6 10. a3 Ng4 11. dxe5 dxe5 12. Bg5 h6 13. Bxe7 Qxe7 14. Ne2 Rd8 15. c4 Nc5 16. Ne1 bxc4 17. Qb4 a5 18. Qc3 Nxd3 0-1

[Event "Mogi das Cruzes op 09"]
[Site "Mogi das Cruzes"]
[Date "2013.09.27"]
[Round "3"]
[White "Quintiliano Pinto, Renato Rodrigues"]
[Black "Chih, Lee Hung"]
[Result "0-1"]
[WhiteElo "2355"]
[BlackElo "1997"]
[PlyCount "68"]
[EventDate "2013.09.26"]
[EventType "swiss"]
[EventRounds "7"]
[EventCountry "BRA"]
[SourceTitle "CBM 156 Extra"]
[Source "ChessBase"]
[SourceDate "2013.10.22"]
[SourceVersion "1"]
[SourceVersionDate "2013.10.22"]
[SourceQuality "1"]

1. d4 Nf6 2. Nf3 d5 3. c4 e6 4. Nc3 Be7 5. Bf4 c6 6. e3 0-0 7. c5 b6 8. b4 bxc5 9. bxc5 Qa5 10. Qd2 Ba6 11. h3 Bxf1 12. Kxf1 Bd8 13. Ne2 Qa6 14. Rb1 Ba5 15. Qb2 Nbd7 16. Qb7 Qd3 17. Qb3 Qa6 18. Qa4 Ne4 19. Rb3 e5 20. Ra3 Rab8 21. Qxa5 Rb1+ 22. Ne1 Qxa5 23. Rxa5 Nd2+ 24. Kg1 Rxe1+ 25. Kh2 Rxh1+ 26. Kxh1 exf4 27. Rxa7 Nf6 28. Nxf4 g5 29. Nd3 Rb8 30. g3 Nfe4 31. Kg2 Nc4 32. Ra6 f6 33. Rxc6 Ra8 34. Nb4 f5 0-1

[Event "Valinhos LCX 8th"]
[Site "Valinhos"]
[Date "2008.07.03"]
[Round "13"]
[White "Chih, Lee Hung"]
[Black "De Moraes, Francisco Jose Baen"]
[Result "1/2-1/2"]
[WhiteElo "1994"]
[BlackElo "1953"]
[PlyCount "84"]
[EventDate "2008.07.03"]
[EventType "tourn"]
[EventRounds "14"]
[EventCountry "BRA"]
[SourceTitle "EXT 2022"]
[Source "ChessBase"]
[SourceDate "2021.10.06"]
[SourceVersion "1"]
[SourceVersionDate "2021.10.06"]
[SourceQuality "1"]

1. e4 c6 2. d4 d5 3. e5 Bf5 4. Bd3 Bxd3 5. Qxd3 e6 6. f4 Be7 7. Nf3 Qa5+ 8. c3 Qa6 9. Qc2 Nd7 10. Nbd2 Nh6 11. b4 0-0 12. Nb3 b6 13. a4 Qb7 14. 0-0 c5 15. Ba3 Rfc8 16. bxc5 bxc5 17. Rfb1 Qa6 18. Qd2 Bf8 19. h3 cxd4 20. cxd4 Bxa3 21. Rxa3 Nb6 22. Nc5 Rxc5 23. dxc5 Nc4 24. Qd3 Qc6 25. Rab3 Qxc5+ 26. Kh2 g6 27. Rb5 Qf8 28. Ng5 Na3 29. Rb7 Nxb1 30. Qxb1 a5 31. Qb5 Qb4 32. Qxb4 axb4 33. Rxb4 Nf5 34. g4 Ne3 35. Rb7 Rxa4 36. Nxf7 h5 37. Kg3 hxg4 38. hxg4 Nf1+ 39. Kf3 Nd2+ 40. Ke3 Nf1+ 41. Kf3 Nh2+ 42. Kg3 Nf1+ 1/2-1/2

[Event "Valinhos LCX 8th"]
[Site "Valinhos"]
[Date "2008.07.03"]
[Round "3"]
[White "Chih, Lee Hung"]
[Black "Vallejos, Jose Antonio"]
[Result "1-0"]
[WhiteElo "1994"]
[BlackElo "2015"]
[PlyCount "53"]
[EventDate "2008.07.03"]
[EventType "tourn"]
[EventRounds "14"]
[EventCountry "BRA"]
[SourceTitle "EXT 2022"]
[Source "ChessBase"]
[SourceDate "2021.10.06"]
[SourceVersion "1"]
[SourceVersionDate "2021.10.06"]
[SourceQuality "1"]

1. e4 c6 2. Nf3 g6 3. d4 d5 4. Nc3 dxe4 5. Nxe4 Bg7 6. Bc4 Nf6 7. Nxf6+ Bxf6 8. Bh6 Bg4 9. c3 Nd7 10. 0-0 Nb6 11. Bb3 Nd5 12. h3 Be6 13. Re1 Qd7 14. Ne5 Qc7 15. Ng4 Bh4 16. c4 Nf6 17. Nxf6+ Bxf6 18. d5 0-0-0 19. Qf3 Bd7 20. Bf4 Qa5 21. Bh2 Bxb2 22. Qf4 e5 23. dxe6 Bxe6 24. Rad1 Rd4 25. Qb8+ Kd7 26. Qxh8 Ke7 27. Qb8 1-0

[Event "Valinhos LCX 8th"]
[Site "Valinhos"]
[Date "2008.07.03"]
[Round "8"]
[White "Martinez, Carlos Alejandro"]
[Black "Chih, Lee Hung"]
[Result "1-0"]
[WhiteElo "2445"]
[BlackElo "1994"]
[PlyCount "93"]
[EventDate "2008.07.03"]
[EventType "tourn"]
[EventRounds "14"]
[EventCountry "BRA"]
[SourceTitle "EXT 2022"]
[Source "ChessBase"]
[SourceDate "2021.10.06"]
[SourceVersion "1"]
[SourceVersionDate "2021.10.06"]
[SourceQuality "1"]

1. e4 e5 2. Nf3 d6 3. d4 Nd7 4. Bc4 c6 5. dxe5 dxe5 6. 0-0 Be7 7. Ng5 Bxg5 8. Qh5 Qe7 9. Bxg5 Ngf6 10. Qe2 h6 11. Bd2 Nc5 12. f3 Ne6 13. Be3 0-0 14. a4 Nh5 15. g3 Nf6 16. Nd2 Nd4 17. Qd1 c5 18. c3 Nc6 19. Qe2 b6 20. Rfd1 Rd8 21. Bf2 Be6 22. Bxe6 Qxe6 23. Nc4 Nh7 24. Ne3 Ne7 25. h4 Nf6 26. Kg2 Rd7 27. Rxd7 Qxd7 28. Qb5 Qc7 29. a5 Rb8 30. axb6 Rxb6 31. Qa5 Nc6 32. Qxc5 Rxb2 33. Nd5 Qb7 34. Rf1 a5 35. Qxc6 Qb3 36. Nxf6+ gxf6 37. Qa8+ Kg7 38. Qxa5 Rc2 39. g4 Rxc3 40. Bg3 Rc2+ 41. Rf2 Rc1 42. g5 Qd1 43. gxf6+ Kh7 44. Bh2 Qh1+ 45. Kh3 Rf1 46. Qc7 Kg6 47. h5+ 1-0

[Event "Campinas IRT LCX 07th"]
[Site "Campinas"]
[Date "2008.04.18"]
[Round "6"]
[White "Tsuboi, Edson Kenji"]
[Black "Chih, Lee Hung"]
[Result "1-0"]
[WhiteElo "2346"]
[BlackElo "2007"]
[PlyCount "65"]
[EventDate "2008.04.05"]
[EventType "tourn"]
[EventRounds "11"]
[EventCountry "BRA"]
[SourceTitle "EXT 2022"]
[Source "ChessBase"]
[SourceDate "2021.10.06"]
[SourceVersion "1"]
[SourceVersionDate "2021.10.06"]
[SourceQuality "1"]

1. e4 e5 2. Nf3 Nc6 3. Bb5 a6 4. Ba4 Nf6 5. 0-0 d6 6. Bxc6+ bxc6 7. d4 exd4 8. Qxd4 c5 9. Qd3 Be7 10. Nc3 0-0 11. b3 a5 12. Re1 Ba6 13. Qd2 Nd7 14. Nd5 Ne5 15. Nxe5 dxe5 16. Qxa5 Bd6 17. Qc3 f5 18. exf5 Rxf5 19. Bb2 Bb7 20. Qc4 Kh8 21. Re4 Qf8 22. f3 Qf7 23. Ne3 Bxe4 24. Qxe4 Rf8 25. Nxf5 Qxf5 26. Qxf5 Rxf5 27. a4 c4 28. bxc4 Rf4 29. a5 Rxc4 30. a6 Rxc2 31. a7 Bc5+ 32. Kf1 Bxa7 33. Rxa7 1-0

[Event "Campinas IRT LCX 07th"]
[Site "Campinas"]
[Date "2008.04.05"]
[Round "2"]
[White "Martinez, Carlos Alejandro"]
[Black "Chih, Lee Hung"]
[Result "1-0"]
[WhiteElo "2441"]
[BlackElo "2007"]
[PlyCount "57"]
[EventDate "2008.04.05"]
[EventType "tourn"]
[EventRounds "11"]
[EventCountry "BRA"]
[SourceTitle "EXT 2022"]
[Source "ChessBase"]
[SourceDate "2021.10.06"]
[SourceVersion "1"]
[SourceVersionDate "2021.10.06"]
[SourceQuality "1"]

1. Nf3 d5 2. d4 Nf6 3. c4 e6 4. Nc3 Be7 5. Bg5 Nbd7 6. cxd5 exd5 7. e3 0-0 8. Bd3 c6 9. Qc2 h6 10. Bh4 Nh5 11. Bxe7 Qxe7 12. 0-0 g6 13. Rfe1 f5 14. Rab1 a5 15. a3 Nhf6 16. b4 axb4 17. axb4 Ne4 18. b5 Qd6 19. bxc6 bxc6 20. Na4 Ba6 21. Bxa6 Rxa6 22. Rec1 Kg7 23. Rb7 Kf6 24. Nc5 Nexc5 25. dxc5 Qe6 26. Qb2+ Ke7 27. Nd4 Qf6 28. Rxd7+ Kxd7 29. Qb7+ 1-0

[Event "Americana"]
[Site "Americana"]
[Date "1999.??.??"]
[Round "3"]
[White "Campelo, Leandro Fabricio"]
[Black "Chih, Lee Hung"]
[Result "1-0"]
[WhiteElo "2174"]
[BlackElo "2090"]
[PlyCount "55"]
[EventDate "1999.??.??"]
[EventType "tourn"]
[EventRounds "9"]
[EventCountry "BRA"]
[SourceTitle "EXT 2000"]
[Source "ChessBase"]
[SourceDate "1999.11.16"]
[SourceVersion "1"]
[SourceVersionDate "1999.11.16"]
[SourceQuality "1"]

1. e4 e5 2. Nf3 d6 3. d4 Nd7 4. Bc4 c6 5. 0-0 Be7 6. Nc3 Ngf6 7. Bg5 0-0 8. Bb3 Qc7 9. Qe2 Re8 10. Qc4 d5 11. Nxd5 Nxd5 12. exd5 Nb6 13. Qd3 e4 14. Qxe4 cxd5 15. Qh4 Bd6 16. Rfe1 Be6 17. c3 Nc4 18. Bc2 g6 19. Bf6 Bf8 20. Ng5 h6 21. Nxe6 Rxe6 22. Rxe6 fxe6 23. Bxg6 Nxb2 24. Qg4 Bg7 25. Qxe6+ Kh8 26. Re1 Rg8 27. Bf5 Na4 28. Qe3 1-0